00409nam a2200157Ia 450000500170000000800410001704000190005804100120007708200110008910000180010024500550011826000330017330000120020665000230021885000100024120230704112817.0131103s9999 xx 000 0 und d aLoreto College aEnglish aFbBUC aBuck,Pearl S. aFighting Angelb portrait of a soul cPearl S.Buck aLondonbPan Books Ltd.c1937 a205 p.  aFiction in English aLCLIB